Mě to tady nebaví

Hlavní autor: Havelka, Ondřej, 1954-
Korporativní autor: Sestry Havelkovy (hudební skupina)
Další autoři: Melody Makers (hudební skupina : Česko), Vokální kvartet The Swings
Jazyk: Čeština
Angličtina
Vydáno: Praha : Monitor-EMI, p1998
Témata:
Fyzický popis: 1 MC : Dolby HX-Pro + 1 slož. list.
Zvukové nahrávky
Uloženo v:
LEADER 01739njm a2200517 a 4500
001 000392216
003 CZ BrMZK
005 20040402091436.0
008 010907s1998 xr f cze d
028 0 3 |a 8 23286 4  |b Monitor-EMI 
040 |a BOA001  |b cze 
041 1 |a cze  |a eng 
080 |a 784.4"19"(086.7)  |2 MRF 
100 1 |a Havelka, Ondřej,  |d 1954-  |7 jn20000400904  |4 prf 
245 1 0 |a Mě to tady nebaví  |h [zvukový záznam] /  |c Ondřej Havelka a Melody Makers. 
246 3 3 |a Žhavý den 
246 3 3 |a Blue moon 
246 3 3 |a Boogie woogie 
246 3 3 |a Dream of you 
246 3 3 |a Finish 
246 3 3 |a Goody goody 
246 3 3 |a Gypsy in my soul 
246 3 3 |a Honba za písničkou 
246 3 3 |a Ill wind 
246 3 3 |a Isn't this a lovely day! 
246 3 3 |a Mendel's son's swing song 
246 3 3 |a Mě to tady baví 
246 3 3 |a Mě to tady nebaví 
246 3 3 |a Oči čokoládové 
246 3 3 |a Song of India 
246 3 3 |a Svítá 
246 3 3 |a Sweet and lovely 
260 |a Praha :  |b Monitor-EMI,  |c p1998 
300 |a 1 MC :  |b Dolby HX-Pro +  |e 1 slož. list. 
500 |a Texty písní v doprovod. mater. 
500 |a Nahr. 1996-98 
500 |a Durata neuv 
505 2 |a Mě to tady nebaví, Honba za písničkou, Isn't this a lovely day!...[et al.] 
653 0 |a populární hudba  |a swing 
710 2 |a Sestry Havelkovy (hudební skupina)  |7 kn20010724699 
710 2 |a Melody Makers (hudební skupina : Česko)  |7 ko2004229848 
710 2 |a Vokální kvartet The Swings  |7 ko2003186619  |4 prf 
910 |a BOA001  |b KZ-0006.902 
964 |a Hudba populární  |z stol.20.,pol.1.  |x MC 
990 |a AV 
996 6 |b 261H007332  |c KZ-0006.902  |l MZK  |r Sklad / do 24 hodin  |n 0  |p p.v.  |w 000392216  |u 000010  |a 1  |e BOA001  |j MZK50  |s P